LEADER 01030nam a22002771i 4500 001 991003182029707536 005 20030904155123.0 008 030925s1990 it |||||||||||||||||ita 035 $ab12391116-39ule_inst 035 $aARCHE-043864$9ExL 040 $aBiblioteca Interfacoltà$bita$cA.t.i. Arché s.c.r.l. Pandora Sicilia s.r.l. 082 04$a332.0945 245 00$aBasilicata /$ca cura di Francesco di Tommaso, Luigi Macciocca, Donato Margiotta 260 $aNapoli :$bFormez,$c1990 300 $a33 p. ;$c24 cm 440 3$aLa finanza delle regioni centro-meridionali 650 4$aItalia meridionale$xFinanza 700 1 $aDi Tomaso, Francesco 700 1 $aMacciocca, Luigi 700 1 $aMargiotta, Donato 907 $a.b12391116$b02-04-14$c08-10-03 912 $a991003182029707536 945 $aLE002 Ann. 385/C, v. 34.6$g1$i2002000033086$lle002$o-$pE0.00$q-$rn$s- $t0$u0$v0$w0$x0$y.i12798666$z08-10-03 996 $aBasilicata$955646 997 $aUNISALENTO 998 $ale002$b08-10-03$cm$da $e-$fita$git $h0$i1 LEADER 01357nas 2200469-a 450 001 996212786703316 005 20240112213020.0 011 $a1478-811X 035 $a(DE-599)ZDB2126315-2 035 $a(OCoLC)53185836 035 $a(CKB)111069362535004 035 $a(CONSER)--2003243666 035 $a(EXLCZ)99111069362535004 100 $a20031013a20039999 s-- a 101 0 $aeng 135 $aurcnu|||||||| 181 $ctxt$2rdacontent 182 $cc$2rdamedia 183 $acr$2rdacarrier 200 00$aCell communication and signaling $eCCS 210 $a[London] $cBioMed Central$d2003- 300 $aRefereed/Peer-reviewed 300 $aTitle from home page (viewed Nov. 26, 2003). 517 3 $aCCS 531 $aCELL COMMUN SIGNAL 531 $aCELL COMMUNICATION & SIGNALING 531 $aCELL COMMUN. SIGNAL 531 10$aCell Commun Signal 606 $aCell interaction$vPeriodicals 606 $aCell Communication 606 $aBiology$2ebps 606 $aCell interaction$2fast$3(OCoLC)fst00850189 608 $aPeriodical. 608 $aPeriodicals.$2fast 615 0$aCell interaction 615 12$aCell Communication. 615 7$aBiology. 615 7$aCell interaction. 906 $aJOURNAL 912 $a996212786703316 996 $aCell communication and signaling$92293163 997 $aUNISA